[Event "ch-USA"]
[Site "Saint Louis USA"]
[Date "2010.05.16"]
[Round "3"]
[White "Shulman,Y"]
[Black "Shabalov,A"]
[Result "1-0"]
[WhiteElo "2613"]
[BlackElo "2585"]

1.d4 Nf6 2.c4 g6 3.Nc3 Bg7 4.e4 d6 5.Nf3 O-O 6.Be2 e5 7.Be3 c6 8.O-O exd4
9.Bxd4 Re8 10.Qc2 Nbd7 11.Rad1 Qe7 12.Rfe1 c5 13.Be3 Nxe4 14.Nxe4 Qxe4 15.Qxe4 Rxe4
16.Rxd6 Bxb2 17.Kf1 Bg7 18.Red1 Re7 19.Ng5 h6 20.Nh3 g5 21.Bf3 Bf8 22.Ng1 Nb6
23.Rd8 Rc7 24.Bd5 Bg4 25.Rxa8 Nxa8 26.f3 Bd7 27.h4 Ba4 28.Re1 Nb6 29.hxg5 Nxd5
30.cxd5 hxg5 31.Bxg5 Rd7 32.Re5 Bb5+ 33.Kf2 Bg7 34.Re8+ Kh7 35.Be3 Rxd5 36.Re7 Bd7
37.Rxf7 Kg8 38.Rf4 b5 39.Ne2 a5 40.Re4 Bf8 41.Nf4 Rd1 42.Nh5 c4 43.Nf6+ Kf7
44.Nxd7 Rxd7 45.a4 bxa4 46.Rf4+ Kg8 47.Rg4+ Rg7 48.Rxc4 Bb4 49.Rc8+ Kh7 50.g4 Rd7
51.Rc2 Rd3 52.Ke2 Rb3 53.Bd4 a3 54.f4 Rg3 55.Rc8 Kg6 56.Rc6+ Kf7 57.g5 a2
58.Kf2 Rd3 59.g6+ Ke7 60.g7 Rxd4 61.g8=Q Rxf4+  1-0

[Event "ch-USA"]
[Site "Saint Louis USA"]
[Date "2010.05.18"]
[Round "5"]
[White "Shulman,Y"]
[Black "Nakamura,Hi"]
[Result "1/2-1/2"]
[WhiteElo "2613"]
[BlackElo "2733"]

1.d4 Nf6 2.c4 e6 3.Nf3 c5 4.d5 b5 5.dxe6 fxe6 6.cxb5 a6 7.bxa6 Bxa6 8.g3 Nc6
9.Bg2 Be7 10.O-O d5 11.Nc3 O-O 12.Re1 Qe8 13.Bg5 Rd8 14.Rc1 c4 15.Qa4 Ra8
16.e4 d4 17.e5 dxc3 18.exf6 gxf6 19.Bh6 cxb2 20.Rxc4 Bxc4 21.Qxc4 Qg6 22.Bxf8 b1=Q
23.Qxc6 Rxf8 24.Qxe6+ Kh8 25.Rxb1 Qxb1+ 26.Bf1 Bc5 27.Ne1 Qb7 28.Nd3 Qe7
29.Qf5 Bb6 30.Nf4 Qc5 31.Nd5 Ba7 32.Bd3 Rf7 33.Kg2 Qc6 34.Be4 Qd7 35.Qf3 Qe6
36.h4 Qe5 37.Bc2 f5 38.Nf4 Rf8 39.Qh5 Qc5 40.Qe2 Bb8 41.Ne6 Qd5+ 42.Kh2 Re8
43.Bb3 Qe4 44.Qc4 Qxc4 45.Bxc4 f4 46.gxf4 Bxf4+ 47.Kh3 Bd2 48.Kg4 Rb8 49.f4 Rb4
50.Bb3 Kg8 51.Kf5 Kf7 52.Nc7+ Kg7 53.Nd5 Rb8 54.Kg4  1/2-1/2

[Event "USCL"]
[Site "ICC INT"]
[Date "2010.08.23"]
[Round "1"]
[White "Shulman,Y"]
[Black "Khachiyan,M"]
[Result "1-0"]
[WhiteElo "2636"]
[BlackElo "2522"]

1.d4 Nf6 2.c4 Nc6 3.Nf3 e6 4.g3 Bb4+ 5.Bd2 a5 6.Bg2 d5 7.O-O dxc4 8.Bg5 Rb8
9.Qc2 Nxd4 10.Nxd4 Qxd4 11.Rd1 Qg4 12.Bxf6 gxf6 13.Bf3 Qg5 14.Qxc4 Qe5 15.a3 Bd6
16.Nd2 Bd7 17.Qh4 b5 18.Ne4 Be7 19.Rac1 f5 20.Qh5 Rg8 21.b4 axb4 22.axb4 Rg7
23.Rc5 Qb2 24.Rxc7 fxe4 25.Rdxd7 Qb1+ 26.Kg2 exf3+ 27.exf3 Qxb4 28.Rxe7+ Qxe7
29.Rxe7+ Kxe7 30.Qc5+ Kd7 31.Qd4+ Kc6 32.Qxg7 Rb7 33.Qxh7 b4 34.Qe4+ Kc7
35.Qc4+ Kd6 36.Qb3 Kc5 37.h4  1-0

[Event "39th Olympiad Men"]
[Site "Khanty-Mansiysk RUS"]
[Date "2010.09.23"]
[Round "3"]
[White "Shulman,Y"]
[Black "Campos Moreno,J"]
[Result "1/2-1/2"]
[WhiteElo "2636"]
[BlackElo "2484"]

1.d4 Nf6 2.c4 e6 3.Nf3 Bb4+ 4.Bd2 a5 5.g3 d5 6.Bg2 Nc6 7.O-O O-O 8.Bg5 Be7
9.Qc1 a4 10.Rd1 Na5 11.Nbd2 c6 12.b3 b5 13.Qc2 Ba6 14.c5 b4 15.Re1 axb3 16.axb3 h6
17.Bf4 Bb5 18.Ne5 Nb7 19.Ndf3 Ne4 20.Nd3 Ra5 21.Nxb4 Qa8 22.Qb2 Nbxc5 23.Ne5 Nxb3
24.Rxa5 Qxa5 25.Qxb3 Qxb4 26.Qxb4 Bxb4 27.Rb1 Bc3 28.Bxe4 dxe4 29.Nxc6 Bxc6
30.Rc1 Bxd4 31.Rxc6 Rd8 32.Rc2 Rd5 33.Bd2 g5 34.Kg2 Kh7 35.Ra2 Kg6 36.e3 Be5
37.Bb4 Rb5 38.Ra4 h5 39.Be7 Rb7 40.Ba3 Kf5 41.h3 g4 42.hxg4+ hxg4 43.Ra5 Rd7
44.Bb4 Rd5 45.Ra7 Kg6 46.Ra4 Rd1 47.Bf8 Kf5 48.Rc4 Bd6 49.Bxd6 Rxd6 50.Ra4 Ke5
51.Ra5+ Rd5 52.Ra4 f5 53.Ra8 Rc5 54.Rd8 Kf6 55.Rd7 Rc3 56.Kf1 Rd3  1/2-1/2

[Event "39th Olympiad Men"]
[Site "Khanty-Mansiysk RUS"]
[Date "2010.10.01"]
[Round "10"]
[White "Mikhalevski,V"]
[Black "Shulman,Y"]
[Result "1-0"]
[WhiteElo "2610"]
[BlackElo "2636"]

1.d4 d5 2.c4 e6 3.Nf3 Nf6 4.g3 dxc4 5.Bg2 a6 6.O-O Nc6 7.Nc3 Rb8 8.e4 Be7
9.Qe2 b5 10.Rd1 O-O 11.Bf4 Bb7 12.d5 exd5 13.e5 Nh5 14.Nxd5 Nxf4 15.gxf4 Qe8
16.Nxc7 Qc8 17.Nd5 Bd8 18.Ng5 Bxg5 19.fxg5 Re8 20.f4 Ne7 21.Nxe7+ Rxe7 22.Rd6 Bxg2
23.Kxg2 b4 24.Kg3 c3 25.Rc1 Rc7 26.Rd3 g6 27.bxc3 bxc3 28.Rc2 Rb4 29.e6 fxe6
30.Qe5 Rb5 31.Qf6 Rd5 32.Rdxc3 Rxc3+ 33.Rxc3 Qd7 34.Rb3 Rd3+ 35.Kh4 Rxb3
36.axb3 Qd5 37.b4 Qc4 38.Qd8+ Kf7 39.Qd7+ Kf8 40.Qd8+ Kf7 41.Qd7+ Kf8 42.Qd6+ Kf7
43.Kg3 Qe2 44.Qd7+ Kf8 45.Qd8+ Kf7 46.Qf6+ Kg8 47.Qc3 Kf7 48.Qf6+ Kg8 49.Qd4 Kf7
50.h3 Ke7 51.h4 Qe1+ 52.Kf3 Qxh4 53.Qc5+ Kf7 54.Qc7+ Kf8 55.Qd8+ Kf7 56.Qf6+ Ke8
57.Qxe6+ Kf8 58.Qd6+ Kg7 59.Ke4 Qh1+ 60.Kd4 Qa1+ 61.Kc5 Qf1 62.Qd4+ Kf8 63.Qh8+ Ke7
64.Qxh7+ Kd8 65.Qg8+ Ke7 66.Qc4 Qf2+ 67.Kc6 Qd2 68.Qc5+ Ke8 69.Qe5+ Kf7 70.Qd5+  1-0

[Event "North American Open"]
[Site "Las Vegas USA"]
[Date "2010.12.27"]
[Round "3"]
[White "Ris,R"]
[Black "Shulman,Y"]
[Result "1/2-1/2"]
[WhiteElo "2423"]
[BlackElo "2629"]

1.d4 d5 2.c4 e6 3.Nf3 Nf6 4.g3 dxc4 5.Bg2 a6 6.Ne5 c5 7.Be3 Nd5 8.dxc5 Qc7
9.Bxd5 Qxe5 10.Bg2 Bxc5 11.Bxc5 Qxc5 12.Nd2 Ra7 13.b3 b5 14.bxc4 O-O 15.O-O Rd8
16.Rc1 Qb4 17.Rc2 Rad7 18.Qb1 Qxb1  1/2-1/2

[Event "ch-USA GpA"]
[Site "Saint Louis USA"]
[Date "2011.04.15"]
[Round "1"]
[White "Shulman,Y"]
[Black "Stripunsky,A"]
[Result "1/2-1/2"]
[WhiteElo "2622"]
[BlackElo "2578"]

1.d4 Nf6 2.c4 e5 3.dxe5 Ng4 4.Nf3 Bc5 5.e3 Nc6 6.Nc3 O-O 7.Be2 Re8 8.O-O Ngxe5
9.Nxe5 Nxe5 10.b3 a5 11.Bb2 d6 12.Na4 Bf5 13.Nxc5 dxc5 14.Qxd8 Raxd8 15.Bxe5 Rxe5
16.Rfd1 Ree8 17.Bf3 c6 18.g4 Bg6 19.Kf1 Kf8 20.Ke1 Ke7 21.a4 f6 22.Rxd8 Rxd8
23.Rd1 Rb8 24.Kd2 h6 25.Be2 Rd8+ 26.Kc3 Rxd1 27.Bxd1 Bf7 28.Be2 Kd6 29.Bd3 Be6
30.f3 Ke5 31.f4+ Kd6 32.Bf5 Bf7 33.Kd2 b5 34.Bd3 bxa4 35.bxa4 Be6 36.Be2 Bf7
37.h3 Be6 38.Kd3 Bf7 39.Bf3 Be6 40.Be4 Bf7 41.Bf5 Ke7 42.Kc3 Kd6 43.Bd3 Ke7
44.Kd2 Kd6 45.Ke2 Be6 46.Kf2 Bf7 47.Kf3 Be6 48.f5 Bf7 49.Kf4 Be8 50.h4 Bf7
51.Be2 Be8 52.Bf1 Bf7 53.Bd3 Be8 54.e4 Bf7 55.Bf1 Be8 56.Be2 Bf7 57.h5 Bg8
58.Bf1 Bf7 59.Bd3 Bg8 60.Be2 Bf7 61.Bf1 Bg8 62.Bd3  1/2-1/2

[Event "ch-USA GpA"]
[Site "Saint Louis USA"]
[Date "2011.04.16"]
[Round "2"]
[White "Naroditsky,D"]
[Black "Shulman,Y"]
[Result "1/2-1/2"]
[WhiteElo "2438"]
[BlackElo "2622"]

1.e4 e6 2.d4 d5 3.Nd2 Nf6 4.e5 Nfd7 5.Bd3 c5 6.c3 Nc6 7.Ne2 cxd4 8.cxd4 f6
9.exf6 Nxf6 10.Nf3 Bd6 11.O-O Qc7 12.Bg5 O-O 13.Bh4 Nh5 14.Qc2 h6 15.Bg6 Rxf3
16.gxf3 Bxh2+ 17.Kh1 Nf4 18.Ng3 Nxg6 19.Qxg6 Bxg3 20.Qe8+ Kh7 21.Bxg3 Qd7
22.Qxd7 Bxd7 23.Rfd1 Rf8 24.Kg2 Be8 25.Rac1 Bg6 26.a3 Rf7 27.b4 a6 28.Rc3 Bh5
29.Rd2 Kg8 30.Re3  1/2-1/2

[Event "ch-USA GpA"]
[Site "Saint Louis USA"]
[Date "2011.04.17"]
[Round "3"]
[White "Shulman,Y"]
[Black "Ehlvest,J"]
[Result "1-0"]
[WhiteElo "2622"]
[BlackElo "2586"]

1.d4 Nf6 2.c4 e6 3.Nf3 d5 4.Nc3 Bb4 5.Bg5 Nbd7 6.e3 c5 7.cxd5 exd5 8.Be2 Qa5
9.O-O c4 10.Nd2 Bxc3 11.bxc3 Qxc3 12.e4 O-O 13.exd5 Qxd4 14.Nxc4 Qxd5 15.Qc1 Nb6
16.Bxf6 gxf6 17.Nxb6 axb6 18.Bf3 Qg5 19.Qb2 b5 20.Rfe1 Rd8 21.Re3 Kh8 22.a3 Ra4
23.Rd1 Rxd1+ 24.Bxd1 Rc4 25.Be2 Rc6 26.Qd2 Re6 27.h4 Qg8 28.Rg3 Qf8 29.Bxb5 Rd6
30.Qf4 b6 31.Bd3 Bd7 32.h5 Re6 33.Bc4 Rd6 34.Kh2 f5 35.Bxf7 Rf6 36.Rg8+ Qxg8
37.Bxg8 Kxg8 38.Qd4 Rf7 39.Qxb6 f4 40.h6  1-0

[Event "ch-USA GpA"]
[Site "Saint Louis USA"]
[Date "2011.04.18"]
[Round "4"]
[White "Shulman,Y"]
[Black "Ivanov,AV USA"]
[Result "1-0"]
[WhiteElo "2622"]
[BlackElo "2540"]

1.d4 Nf6 2.c4 e6 3.Nf3 Bb4+ 4.Bd2 c5 5.Bxb4 cxb4 6.g3 O-O 7.Bg2 d6 8.O-O a5
9.Nbd2 Re8 10.Rc1 b6 11.c5 bxc5 12.dxc5 Ra6 13.Qb3 dxc5 14.Rxc5 Nbd7 15.Rc2 Bb7
16.Rfc1 Nd5 17.Qa4 Ra8 18.e4 N5b6 19.Qb3 Qe7 20.Qe3 Rec8 21.Nd4 Rxc2 22.Rxc2 Rc8
23.Rxc8+ Nxc8 24.N4b3 a4 25.Na5 Ba6 26.Nc6 Qc5 27.Qxc5 Nxc5 28.Nxb4 Bb5 29.Bf1 Bxf1
30.Kxf1 Nd6 31.f3 f5 32.exf5 Nxf5 33.Kf2 Kf7 34.Ne4 Nxe4+ 35.fxe4 Nd6 36.Kf3 Nc4
37.Nd3 Nd2+ 38.Ke3 Nf1+ 39.Ke2 Nxh2 40.Nc5 a3 41.bxa3 Ng4 42.a4 Ne5 43.a5 Nc6
44.a6 Ke7 45.e5 h5 46.Kf2 g6 47.Kg2 g5 48.Kf2 g4 49.a4 Kf7 50.Nb3 Ke7 51.Nd4 Na7
52.Nb5 Nc8 53.a5  1-0

[Event "ch-USA GpA"]
[Site "Saint Louis USA"]
[Date "2011.04.19"]
[Round "5"]
[White "Akobian,V"]
[Black "Shulman,Y"]
[Result "1/2-1/2"]
[WhiteElo "2611"]
[BlackElo "2622"]

1.d4 Nf6 2.c4 g6 3.Nc3 Bg7 4.e4 d6 5.f4 Bg4 6.Nf3 Bxf3 7.gxf3 Nbd7 8.Be3 Nh5
9.Qd2 O-O 10.f5 c5 11.d5 Qa5 12.Be2 gxf5 13.exf5 Bxc3 14.bxc3 Kh8 15.Kf2 Rg8
16.Bh6 Ndf6 17.Bd3 Rae8 18.Rhe1 Qd8 19.Rg1 Qd7 20.Rxg8+ Rxg8 21.Re1 Qd8 22.a4 Nd7
23.Rg1 Rxg1 24.Kxg1 Nhf6 25.Kf1 Ng8 26.Bg5 Ne5 27.Be2 Qe8 28.f4 Nd7 29.Qe3 Ndf6
30.Bd1  1/2-1/2

[Event "ch-USA GpA"]
[Site "Saint Louis USA"]
[Date "2011.04.20"]
[Round "6"]
[White "Shulman,Y"]
[Black "Robson,R"]
[Result "1/2-1/2"]
[WhiteElo "2622"]
[BlackElo "2522"]

1.d4 Nf6 2.c4 g6 3.Nc3 Bg7 4.e4 d6 5.Nf3 O-O 6.Be2 e5 7.Be3 Ng4 8.Bg5 f6
9.Bh4 g5 10.Bg3 Nh6 11.c5 g4 12.Nh4 Nc6 13.dxe5 fxe5 14.cxd6 cxd6 15.O-O Nd4
16.Bc4+ Kh8 17.Qd2 Ng8 18.Ne2 Nf6 19.Nxd4 Nxe4 20.Qe2 d5 21.Bxd5 Qxd5 22.Nb5 Nxg3
23.hxg3 Qd7 24.Rfd1 Qe7 25.Rac1 Bd7 26.Rc7 Bxb5 27.Rxe7 Bxe2 28.Rdd7 Bf6
29.Rxh7+ Kg8 30.Nf5 Be7 31.Rh5 Bf6 32.Nh6+ Kh8 33.Nf5+ Kg8 34.Nh6+ Kh8 35.Nxg4+ Kg8
36.Nh6+ Kh8 37.g4 Bb5 38.Nf5+ Kg8 39.Nh6+ Kh8 40.Nf5+ Kg8 41.Rxb7 Rfb8 42.Nh6+ Kh8
43.Nf5+ Kg8 44.Rc7 Rc8 45.Nh6+ Kh8 46.Nf5+ Kg8 47.Ne7+ Bxe7 48.Rxe7 Re8 49.Rexe5 Rxe5
50.Rxe5 a6 51.Rd5 Bc4 52.Rg5+ Kf7 53.b3 Be6 54.f3 a5 55.Rc5 a4 56.bxa4 Rxa4
57.Kf2 Rxa2+ 58.Kg3 Rd2 59.Rc7+ Kf6 60.Rc6 Kf7 61.Rc7+  1/2-1/2

[Event "ch-USA GpA"]
[Site "Saint Louis USA"]
[Date "2011.04.21"]
[Round "7"]
[White "Kamsky,G"]
[Black "Shulman,Y"]
[Result "1/2-1/2"]
[WhiteElo "2733"]
[BlackElo "2622"]

1.d4 d5 2.c4 e6 3.Nf3 c6 4.Nc3 Nf6 5.cxd5 exd5 6.Qc2 Be7 7.Bg5 g6 8.e4 dxe4
9.Bxf6 Bxf6 10.Qxe4+ Kf8 11.Bc4 Kg7 12.O-O Re8 13.Qf4 Be6 14.Bxe6 Rxe6 15.Rfe1 Qd6
16.Qxd6 Rxd6 17.Ne4  1/2-1/2

[Event "ch-USA KO"]
[Site "Saint Louis USA"]
[Date "2011.04.26"]
[Round "2.1"]
[White "Kamsky,G"]
[Black "Shulman,Y"]
[Result "1-0"]
[WhiteElo "2733"]
[BlackElo "2622"]

1.d4 d5 2.c4 e6 3.Nf3 Nf6 4.g3 dxc4 5.Bg2 c5 6.O-O Nc6 7.dxc5 Qxd1 8.Rxd1 Bxc5
9.Nbd2 c3 10.bxc3 O-O 11.Nb3 Be7 12.Nfd4 Bd7 13.Nxc6 Bxc6 14.Bxc6 bxc6 15.c4 a5
16.Bd2 a4 17.Na5 Ra6 18.Rab1 Rfa8 19.Nb7 Kf8 20.Be3 Ne4 21.Rd3 Rb8 22.Bf4 Rba8
23.f3 Nc5 24.Nxc5 Bxc5+ 25.Kf1 Ke8 26.Be5 g6 27.Bf6 Rb6 28.Rxb6 Bxb6 29.Ke1 Bc5
30.Kd2 Rb8 31.Kc2 Be7 32.Bc3 f5 33.Rd1 Bc5 34.h3 h5 35.g4 hxg4 36.hxg4 fxg4
37.fxg4 Rd8 38.Rb1 Kd7 39.Rb7+ Kd6 40.Rg7 Rh8 41.Rxg6 Rh2 42.Kd2 Rh3 43.Rg8 Rg3
44.Kc2 Be3 45.Rd8+ Ke7 46.Rd3 Bf4 47.Bb4+ Kf6 48.Rxg3 Bxg3 49.Kb2 Kg5 50.Ka3 Kxg4
51.Kxa4 Bf2 52.c5 Kf4 53.Ka5 Ke3 54.Kb6 Kxe2 55.Kxc6 Kd3 56.Kb5 Kd4 57.a4 Kd5  1-0

[Event "ch-USA KO"]
[Site "Saint Louis USA"]
[Date "2011.04.27"]
[Round "2.2"]
[White "Shulman,Y"]
[Black "Kamsky,G"]
[Result "1/2-1/2"]
[WhiteElo "2622"]
[BlackElo "2733"]

1.d4 d5 2.c4 c6 3.Nf3 Nf6 4.Nc3 a6 5.a4 e6 6.Bg5 a5 7.e4 dxe4 8.Nxe4 Bb4+
9.Nc3 h6 10.Bxf6 Qxf6 11.Be2 O-O 12.O-O Nd7 13.Ne4 Qe7 14.Qc2 e5 15.Ng3 exd4
16.Nxd4 Nc5 17.Rfd1 Bd7 18.Nb3 Nxb3 19.Qxb3 Rad8 20.Qf3 Qe5 21.Rab1 Be6 22.b3 g6
23.h3 Kg7 24.Nf1 Bc5 25.Ng3 Rfe8 26.Bd3 Bb4 27.Bc2 h5 28.Rxd8 Rxd8 29.Rd1 Rxd1+
30.Qxd1 Qe1+ 31.Qxe1 Bxe1 32.Kf1 Bb4 33.Ke2 f5 34.f4 h4 35.Nf1 Bd6 36.Kf3 Bd7
37.Ne3 Kf6  1/2-1/2

[Event "Chicago Open"]
[Site "Wheeling USA"]
[Date "2011.05.27"]
[Round "2"]
[White "Krush,I"]
[Black "Shulman,Y"]
[Result "1-0"]
[WhiteElo "2469"]
[BlackElo "2627"]

1.d4 Nf6 2.c4 g6 3.Nc3 Bg7 4.e4 d6 5.Nf3 O-O 6.Be2 e5 7.O-O Nbd7 8.Be3 Re8
9.d5 Nh5 10.g3 Bf8 11.Ne1 Ng7 12.Nd3 Be7 13.Qd2 Nf6 14.f3 h5 15.c5 h4 16.cxd6 cxd6
17.g4 Nh7 18.Bf2 f5 19.h3 Rf8 20.Kg2 Bd7 21.a4 Rf7 22.a5 Bg5 23.Qc2 a6 24.Qb3 Nf6
25.Qb4 Qf8 26.Rad1 Rc8 27.Bg1 Kh7 28.Bf2 Nge8 29.exf5 gxf5 30.f4 exf4 31.Nxf4 fxg4
32.Ne6 Qh6 33.hxg4 h3+ 34.Kh2 Ng7 35.Rd3 Bxe6 36.dxe6 Bf4+ 37.Bg3 Nxg4+ 38.Bxg4 Bxg3+
39.Rxg3 Rxf1 40.Be2 Qd2 41.Qe4+ Kg8 42.Qxb7 Rf2+ 43.Kh1 Qc1+ 44.Rg1 Qxg1+
45.Kxg1 Rg2+ 46.Kh1 Rxc3 47.Qa8+  1-0

[Event "Chicago Open"]
[Site "Wheeling USA"]
[Date "2011.05.28"]
[Round "4"]
[White "Gisclan,H"]
[Black "Shulman,Y"]
[Result "0-1"]
[WhiteElo "2253"]
[BlackElo "2627"]

1.e4 c5 2.Nf3 Nc6 3.d4 cxd4 4.Nxd4 e6 5.Nc3 Qc7 6.Be2 Nf6 7.O-O Be7 8.Be3 O-O
9.f4 d6 10.Qe1 Nxd4 11.Bxd4 e5 12.Be3 exf4 13.Rxf4 Be6 14.Rd1 a6 15.Qg3 Nd7
16.Bg4 Bf6 17.Rf2 Bxc3 18.bxc3 Bxg4 19.Qxg4 Ne5 20.Qg3 Rae8 21.h4 Qxc3 22.h5 Re6
23.Rf5 Qxc2 24.Rd4 h6 25.Kh2 Qxa2 26.Bf4 Qe2 27.Rxd6 Ng4+ 28.Kg1 Rc8 29.Rfd5 Rxe4
30.Rd1 Qf2+ 31.Qxf2 Nxf2 32.Rd8+ Rxd8 33.Rxd8+ Kh7 34.Bg3 Ng4 35.Rd7 Rb4
36.Kf1 f6 37.Rc7 Ne3+ 38.Kf2 Nf5 39.Bh2 Rb2+ 40.Kg1 Ne3  0-1

[Event "Chicago Open"]
[Site "Wheeling USA"]
[Date "2011.05.28"]
[Round "5"]
[White "Shulman,Y"]
[Black "Bercys,S"]
[Result "1-0"]
[WhiteElo "2627"]
[BlackElo "2468"]

1.d4 Nf6 2.c4 g6 3.Nc3 Bg7 4.e4 d6 5.Nf3 O-O 6.Be2 e5 7.Be3 Ng4 8.Bg5 f6
9.Bh4 g5 10.Bg3 Nh6 11.c5 g4 12.Nh4 Nc6 13.cxd6 cxd6 14.dxe5 fxe5 15.Qd2 Be6
16.O-O Nd4 17.Bd3 Kh8 18.Ne2 Nc6 19.Rfd1 Qe7 20.b4 Rac8 21.b5 Nd4 22.Rac1 Rc5
23.Re1 Nxe2+ 24.Bxe2 Nf7 25.Rxc5 dxc5 26.Qc2 b6 27.Nf5 Bxf5 28.exf5 h5 29.f3 h4
30.Bf2 gxf3 31.Bxf3 Nd6 32.Be4 Nxb5 33.Qe2 Qe8 34.Qg4 Bf6 35.Bxh4  1-0

[Event "Chicago Open"]
[Site "Wheeling USA"]
[Date "2011.05.29"]
[Round "6"]
[White "Mitkov,N1"]
[Black "Shulman,Y"]
[Result "1/2-1/2"]
[WhiteElo "2525"]
[BlackElo "2627"]

1.d4 d5 2.Bf4 c5 3.e3 Nc6 4.Nf3 Nf6 5.Be2 Bg4 6.O-O e6 7.c4 cxd4 8.Nxd4 Bxe2
9.Nxe2 dxc4 10.Nd2 Nd5 11.Nxc4 Nxf4 12.Nxf4 Be7 13.Qb3 Qc7 14.Rac1 O-O 15.Nd2 Bd6
16.Nf3 Rac8 17.Ne2 Rfd8 18.Rc3 Qd7 19.Qa4 Rc7 20.Qe4 h6 21.g3 Nb4 22.Rxc7 Qxc7
23.Nc3 Qc6 24.Qxc6 Nxc6 25.Rd1 Kf8 26.Kf1 Ke7 27.Ke2 Bb4 28.Rxd8 Kxd8 29.Kd3 Ke7  1/2-1/2

[Event "Chicago Open"]
[Site "Wheeling USA"]
[Date "2011.05.29"]
[Round "7"]
[White "Shulman,Y"]
[Black "Lenderman,A"]
[Result "1-0"]
[WhiteElo "2627"]
[BlackElo "2548"]

1.d4 Nf6 2.c4 e6 3.Nf3 Bb4+ 4.Nbd2 O-O 5.a3 Be7 6.e4 d5 7.e5 Nfd7 8.b4 a5
9.b5 c5 10.Bb2 cxd4 11.Bxd4 Nc5 12.Qc2 b6 13.cxd5 exd5 14.a4 Bg4 15.Be2 Nbd7
16.O-O Rc8 17.Qa2 Bf5 18.Rfe1 Ne6 19.Qxd5 Nf4 20.Qb3 Bc2 21.Qa2 Bb4 22.Bf1 Bxd2
23.Nxd2 Nxe5 24.Bxe5 Qxd2 25.Rad1 Nh3+ 26.gxh3 Qg5+ 27.Bg3 Bxd1 28.Rxd1 Rfd8
29.h4 Qe7 30.Qb3 h5 31.h3 g6 32.Kh2 Rxd1 33.Qxd1 Rd8 34.Qc2 Qe1 35.Bc4 Kf8
36.Bb3 Qe7 37.Qc3 Kg8 38.Qc6  1-0

[Event "Chicago Open"]
[Site "Wheeling USA"]
[Date "2011.05.30"]
[Round "8"]
[White "Ramirez,Alej"]
[Black "Shulman,Y"]
[Result "1-0"]
[WhiteElo "2579"]
[BlackElo "2627"]

1.e4 c5 2.Nf3 e6 3.d4 cxd4 4.Nxd4 a6 5.c4 Nc6 6.Nc3 Bb4 7.Nxc6 bxc6 8.Bd3 e5
9.O-O Ne7 10.Na4 d6 11.c5 d5 12.Qe2 dxe4 13.Bxe4 Be6 14.Rd1 Qb8 15.Rd6 Qb5
16.Qc2 Bd5 17.Bd3 Qb7 18.Nb6 Rd8 19.Rxd8+ Kxd8 20.Be3 Nc8 21.Nxc8 Qxc8 22.Qa4 a5
23.a3 Bxg2 24.Qd1 Bd5 25.axb4 Ke7 26.Qh5 Rd8 27.Qxe5+ Kf8 28.Bf5 Qa6 29.Bh6 gxh6
30.Qh8+ Ke7 31.Re1+ Be6 32.Bxe6  1-0

[Event "8th World Teams"]
[Site "Ningbo CHN"]
[Date "2011.07.17"]
[Round "1"]
[White "Shulman,Y"]
[Black "Svidler,P"]
[Result "1/2-1/2"]
[WhiteElo "2617"]
[BlackElo "2739"]

1.d4 Nf6 2.c4 g6 3.Nc3 d5 4.cxd5 Nxd5 5.e4 Nxc3 6.bxc3 Bg7 7.Nf3 c5 8.Rb1 O-O
9.Be2 cxd4 10.cxd4 Qa5+ 11.Bd2 Qxa2 12.O-O Bg4 13.Be3 Nc6 14.d5 Na5 15.Bg5 b6
16.Bxe7 Rfe8 17.d6 Nc6 18.Bb5 Nxe7 19.h3 Bxf3 20.Qxf3 Qe6 21.Bxe8 Rxe8 22.dxe7 Qxe7
23.Rfd1 Bf8 24.Rd4 Qe6 25.Qb3 Qxb3 26.Rxb3 Bc5 27.Ra4 a5 28.Kf1 Bb4 29.Rbxb4 axb4
30.Rxb4 Re6 31.Ke2 Kf8 32.Ke3 Rc6 33.f4  1/2-1/2

[Event "8th World Teams"]
[Site "Ningbo CHN"]
[Date "2011.07.18"]
[Round "2"]
[White "Shulman,Y"]
[Black "Akopian,Vl"]
[Result "1/2-1/2"]
[WhiteElo "2617"]
[BlackElo "2667"]

1.d4 Nf6 2.c4 e6 3.Nf3 Bb4+ 4.Nbd2 O-O 5.a3 Be7 6.g3 b6 7.Bg2 Bb7 8.O-O c5
9.b3 cxd4 10.Bb2 Qc7 11.Bxd4 d6 12.Qb1 Nbd7 13.Qb2 Rac8 14.Rac1 Qb8 15.Rfd1 Rfd8
16.Nf1 d5 17.cxd5 Bxd5 18.Ne3 Be4 19.b4 Qb7 20.Rxc8 Rxc8 21.Rc1 h6 22.Rxc8+ Qxc8
23.Ne5 Bxg2 24.Kxg2 Nxe5 25.Bxe5 b5 26.f3 a6 27.Kf2 Ne8 28.Bd4 Bg5 29.Nc2 Qc4
30.Be3  1/2-1/2

[Event "8th World Teams"]
[Site "Ningbo CHN"]
[Date "2011.07.20"]
[Round "4"]
[White "Shulman,Y"]
[Black "Li Chao2"]
[Result "0-1"]
[WhiteElo "2617"]
[BlackElo "2669"]

1.d4 d5 2.c4 c6 3.Nc3 Nf6 4.e3 g6 5.Be2 Bg7 6.Nf3 O-O 7.O-O dxc4 8.Bxc4 Bg4
9.h3 Bxf3 10.Qxf3 Nbd7 11.Rd1 e5 12.d5 e4 13.Nxe4 Nxe4 14.Qxe4 Nb6 15.Rb1 Qd6
16.Bb3 cxd5 17.Bxd5 Nxd5 18.Rxd5 Qa6 19.a3 Rad8 20.Qf3 Qe6 21.e4 Rxd5 22.exd5 Qe1+
23.Kh2 Re8 24.b4 Bd4 25.Bb2 Qe5+ 26.g3 Bxb2 27.d6 Bd4 28.d7 Rd8 29.Qxb7 Bxf2
30.Qf3 Bd4 31.Qc6 Qf5  0-1

[Event "8th World Teams"]
[Site "Ningbo CHN"]
[Date "2011.07.21"]
[Round "5"]
[White "Ganguly,S"]
[Black "Shulman,Y"]
[Result "1/2-1/2"]
[WhiteElo "2627"]
[BlackElo "2617"]

1.e4 e6 2.d4 d5 3.Nc3 Bb4 4.e5 c5 5.a3 Bxc3+ 6.bxc3 Ne7 7.Qg4 cxd4 8.Qxg7 Rg8
9.Qxh7 Qc7 10.Ne2 Nbc6 11.f4 dxc3 12.Qd3 d4 13.Nxd4 Nxd4 14.Qxd4 Bd7 15.Rg1 Nf5
16.Qf2 Qc6 17.Bd3 Qd5 18.Rb1 Bc6 19.Rb3 O-O-O 20.Rxc3 Kb8 21.Rc5 Qa2 22.Rxc6 bxc6
23.Qc5 Rxd3 24.cxd3 Rxg2 25.Rxg2 Qxg2 26.Be3 Nxe3 27.Qxe3 Qh1+ 28.Ke2 Qxh2+
29.Qf2 Qh1 30.Qd4 Qg2+ 31.Ke1 Kb7 32.a4 a5 33.Kd1 Qf1+ 34.Kd2 Qg2+ 35.Kc3 Qf1
36.Qd7+ Kb6 37.Qd8+ Kb7 38.Qd7+ Kb6 39.Qd8+ Kb7 40.Qd7+  1/2-1/2

[Event "8th World Teams"]
[Site "Ningbo CHN"]
[Date "2011.07.24"]
[Round "7"]
[White "Mamedov,Rau"]
[Black "Shulman,Y"]
[Result "1-0"]
[WhiteElo "2679"]
[BlackElo "2617"]

1.g3 d5 2.Bg2 e5 3.c4 d4 4.d3 c5 5.Nf3 Bd6 6.O-O Nc6 7.e3 Nge7 8.exd4 cxd4
9.a3 a5 10.Nbd2 O-O 11.Re1 h6 12.Rb1 Rb8 13.Qa4 Bd7 14.Ne4 Bc7 15.Nc5 Be8
16.Qc2 Qc8 17.Bd2 b6 18.Na4 Bd7 19.b4 axb4 20.axb4 b5 21.Nc5 Bd6 22.cxb5 Rxb5
23.Qc4 Na5 24.Qa2 Nac6 25.Qa4 Nb8 26.Nxd7 Qxd7 27.h4 Rd8 28.Rbc1 Rb6 29.Qa5 Rb5
30.Qa4 Rb6 31.Qb3 Qb5 32.g4 Nbc6 33.h5 Bxb4 34.Bxb4 Qxb4 35.Qxb4 Nxb4 36.Nxe5 Nbd5
37.Nf3 Nc6 38.Rc4 Nf4 39.Bf1 Ne6 40.Kh2 Na5 41.Rc2 Nc6 42.Kg3 Ne7 43.Ne5 Rb3
44.Ra2 Rc3 45.Ra6 Nc7 46.Ra7 Nc8 47.Ra4 Ne7 48.Rb1 Nc6 49.Nxc6 Rxc6 50.Bg2 Rc3
51.Be4 Ne8 52.Rb6 Kf8 53.Kf4 Rc2 54.Kf3 Rc7 55.Bf5 Rc5 56.Kf4 Nc7 57.Rb7 Nd5+
58.Kf3 Rc7 59.Raa7 Rxb7 60.Rxb7 Nf6 61.Ra7 Rd6 62.Kf4 Rd8 63.Rb7 Nd5+ 64.Ke5 Nc3
65.Bd7 Ne2 66.Bb5 Ng1 67.Bc4 Re8+ 68.Kd6 Rd8+ 69.Kc5 Kg8 70.Bxf7+ Kh8 71.Re7 Nf3
72.Bd5 Nh2 73.Re4 Nf3 74.Re2 Rc8+ 75.Kd6 Ng1 76.Re7 Nh3 77.f3 Nf2 78.Be4 Kg8
79.Bg6 Rf8 80.Bf5 Nh3 81.Ke5 Ng1 82.f4 Rd8 83.Be6+ Kh8 84.Bd5 Ne2 85.Bf3 Nc1
86.Be4 Nb3 87.g5 hxg5 88.fxg5 Nc5 89.Bf5 Kg8 90.Rc7 Na6 91.Be6+ Kh8 92.Rc4 Nb8
93.g6 Re8 94.Kd6 Rf8 95.Ke7 Nd7 96.Bxd7  1-0

[Event "FIDE World Cup 2011"]
[Site "Khanty-Mansiysk RUS"]
[Date "2011.08.28"]
[Round "1.1"]
[White "Shulman,Y"]
[Black "Potkin,V"]
[Result "1/2-1/2"]
[WhiteElo "2617"]
[BlackElo "2682"]

1.d4 d5 2.c4 c6 3.Nf3 Nf6 4.Nc3 dxc4 5.a4 e6 6.e4 Bb4 7.Bg5 Qa5 8.Bd2 c5
9.Bxc4 cxd4 10.Nxd4 O-O 11.Qe2 Nbd7 12.O-O Ne5 13.Ba2 Rd8 14.Nc2 b6 15.Nxb4 Qxb4
16.Bg5 a5 17.Rad1 Rxd1 18.Rxd1 Ba6 19.Qc2  1/2-1/2

[Event "FIDE World Cup 2011"]
[Site "Khanty-Mansiysk RUS"]
[Date "2011.08.29"]
[Round "1.2"]
[White "Potkin,V"]
[Black "Shulman,Y"]
[Result "1/2-1/2"]
[WhiteElo "2682"]
[BlackElo "2617"]

1.d4 Nf6 2.c4 e6 3.Nc3 Bb4 4.Qc2 O-O 5.a3 Bxc3+ 6.Qxc3 b6 7.Bg5 c5 8.dxc5 bxc5
9.Nf3 d6 10.Bxf6 Qxf6 11.Qxf6 gxf6 12.O-O-O Rd8 13.Nd2 Bb7 14.Rg1 a5 15.g4  1/2-1/2

[Event "FIDE World Cup 2011"]
[Site "Khanty-Mansiysk RUS"]
[Date "2011.08.30"]
[Round "1.4"]
[White "Shulman,Y"]
[Black "Potkin,V"]
[Result "1/2-1/2"]
[WhiteElo "2617"]
[BlackElo "2682"]

1.d4 d5 2.c4 c6 3.Nf3 Nf6 4.Nc3 dxc4 5.e3 b5 6.a4 b4 7.Na2 e6 8.Bxc4 a5 9.O-O Be7
10.Bd2 O-O 11.Nc1 Nbd7 12.Nb3 Bb7 13.Qe2 Qb6 14.Rfd1 c5 15.Be1 Rfc8 16.Rac1 h6
17.Bb5 Bd5 18.Nfd2 cxd4 19.Nxd4 Ne5 20.f3 Bc5 21.Bf2 Bxd4 22.exd4 Ng6 23.Rc5 Qd8
24.Nc4 Nf4 25.Qd2 Bxc4 26.Bxc4 N6d5 27.Bg3 Qf6 28.Bb5 Rd8 29.Qe1 Rac8 30.Qe4 g5
31.Bc6 Ne7 32.Bf2 Nxc6 33.Rxc6 Rxc6 34.Qxc6 Qf5 35.Qe4 Qxe4 36.fxe4 f5 37.g3 Nh3+
38.Kg2 Nxf2 39.Kxf2 fxe4 40.Ke3 Rc8 41.Rd2 Kf7 42.Kxe4 Ke7 43.Kd3 Kd6 44.Re2 b3
45.Ke4  1/2-1/2

[Event "FIDE World Cup 2011"]
[Site "Khanty-Mansiysk RUS"]
[Date "2011.08.30"]
[Round "1.5"]
[White "Shulman,Y"]
[Black "Potkin,V"]
[Result "1/2-1/2"]
[WhiteElo "2617"]
[BlackElo "2682"]

1.d4 d5 2.c4 c6 3.Nf3 Nf6 4.Nc3 dxc4 5.e3 b5 6.a4 b4 7.Na2 e6 8.Bxc4 a5 9.O-O Be7
10.Bd2 O-O 11.Nc1 Nbd7 12.Nb3 Bb7 13.Qe2 Qb6 14.Rfd1 Rac8 15.Be1 c5 16.Bb5 cxd4
17.Nfxd4 Nc5 18.Rac1 Nxb3 19.Nxb3 Bd5 20.Nd2 Ne4 21.Nc4 Bxc4 22.Bxc4 Rfd8
23.Rxd8+ Rxd8 24.Bb5 Nc5 25.f3 g6 26.Bf2 Qd6 27.Qc2 Qd2 28.Qb1 Nd3 29.Rc2 Nxf2
30.Rxd2 Rxd2 31.Bf1 b3 32.Qc1 Rc2 33.Qe1 Rxb2 34.Qxa5 Rc2 35.Qb5 b2 36.a5 Bc5
37.Qb8+ Kg7 38.Qe5+ Kf8 39.Qb8+ Ke7 40.Qc7+ Kf6 41.Qf4+ Kg7 42.Qe5+ Kg8 43.Qb8+ Kg7
44.Qe5+ Kg8  1/2-1/2